Central Library OPAC University of Rajshahi

Theory of literature / (Record no. 19180)

MARC details
000 -LEADER
fixed length control field 00953nam a2200325 a 4500
001 - CONTROL NUMBER
control field 19180
003 - CONTROL NUMBER IDENTIFIER
rucl marc code BD-RjUL
005 - DATE AND TIME OF LATEST TRANSACTION
control field 20211209000409.0
008 - FIXED-LENGTH DATA ELEMENTS--GENERAL INFORMATION
fixed length control field 200203r19661942enk b 001 0 eng d
020 ## - INTERNATIONAL STANDARD BOOK NUMBER
International Standard Book Number 0140550283
035 ## - SYSTEM CONTROL NUMBER
System control number (BD-RjUL)19238
System control number (OCoLC)3061387
040 ## - CATALOGING SOURCE
Original cataloging agency IAK
Transcribing agency IAK
Modifying agency BD-RjUL
Language of cataloging eng
041 ## - LANGUAGE CODE
Language code of text/sound track or separate title eng
082 00 - DEWEY DECIMAL CLASSIFICATION NUMBER
Classification number 801
Author mark and year WET 1966
Edition number 19
100 1# - MAIN ENTRY--PERSONAL NAME
Personal name Wellek, René.
9 (RLIN) 53808
245 10 - TITLE STATEMENT
Title Theory of literature /
Statement of responsibility, etc. René Wellek and Austin Warren.
250 ## - EDITION STATEMENT
Edition statement 3rd( revised) ed.
260 ## - PUBLICATION, DISTRIBUTION, ETC. (IMPRINT)
Place of publication, distribution, etc. London :
Name of publisher, distributor, etc. Jonathan cape,
Date of publication, distribution, etc. 1966
300 ## - PHYSICAL DESCRIPTION
Pagination 374 p. ;
Size 22 cm.
504 ## - BIBLIOGRAPHY, ETC. NOTE
Bibliography, etc Bibliography: p. 317-357.
Bibliography, etc Includes index.
650 #0 - SUBJECT ADDED ENTRY--TOPICAL TERM
Topical term or geographic name as entry element Literature
General subdivision Philosophy.
9 (RLIN) 53804
Topical term or geographic name as entry element Criticism.
9 (RLIN) 59007
Topical term or geographic name as entry element Literature
General subdivision Study and teaching.
9 (RLIN) 59008
Topical term or geographic name as entry element Literature
General subdivision Aesthetics.
9 (RLIN) 3378
700 1# - ADDED ENTRY--PERSONAL NAME
Personal name Warren, Austin,
Dates associated with a name 1899-1986
830 #0 - SERIES ADDED ENTRY--UNIFORM TITLE
Uniform title Peregrine books.
942 ## - ADDED ENTRY ELEMENTS (KOHA)
Source of classification or shelving scheme Dewey Decimal Classification
Koha item type Books
Holdings
Lost status Source of classification or shelving scheme Damaged status Not for loan Collection code Permanent Location Current Location Shelving location Date acquired Source of acquisition Cost, normal purchase price Total Checkouts Full call number Date last seen Copy number Koha item type
  Dewey Decimal Classification     Non-fiction Central Library, University of Rajshahi Central Library, University of Rajshahi   10/09/1968 Zeitlinger 42.00   801 WET 1966 04/02/2020 C-5 Books
  Dewey Decimal Classification   Not For Loan Non-fiction Central Library, University of Rajshahi Central Library, University of Rajshahi Reading Room 05/04/1973 World university survice     801 WET 1970 04/02/2020 C-1 Books